Library Banner

Breastfeeding basics : (Record no. 98458)

MARC details
000 -LEADER
fixed length control field 00610cam a2200181 a 4500
001 - CONTROL NUMBER
control field 916025
005 - DATE AND TIME OF LATEST TRANSACTION
control field 20170925113306.0
008 - FIXED-LENGTH DATA ELEMENTS--GENERAL INFORMATION
fixed length control field 820706s1983 nyua b 000 0 eng
020 ## - INTERNATIONAL STANDARD BOOK NUMBER
International Standard Book Number 088716710 (pbk.)
040 ## - CATALOGING SOURCE
Transcribing agency PK-LaUMT
082 00 - DEWEY DECIMAL CLASSIFICATION NUMBER
Classification number 613.269
Edition number 19
Item number BRE-
245 10 - TITLE STATEMENT
Title Breastfeeding basics :
Remainder of title learning makes it natural /
Statement of responsibility, etc Diane MacGregor; edited by Nicole Watkins-Campbell; illustations by Bonnei Ross; photography <br/>Shirley Robb
260 ## - PUBLICATION, DISTRIBUTION, ETC. (IMPRINT)
Place of publication, distribution, etc Nova Scotia :
Name of publisher, distributor, etc Public Health Services,
Date of publication, distribution, etc 2011
300 ## - PHYSICAL DESCRIPTION
Extent 130 p. :
Other physical details ill. ;
Dimensions 21 cm.
490 0# - SERIES STATEMENT
Series statement A Sun words book
650 #0 - SUBJECT ADDED ENTRY--TOPICAL TERM
Topical term or geographic name as entry element Breastfeeding.
942 ## - ADDED ENTRY ELEMENTS (KOHA)
Koha item type Books
Holdings
Withdrawn status Lost status Damaged status Home library Current library Date acquired Full call number Barcode Date last seen Price effective from Koha item type
      UMT Main Campus UMT Main Campus 2017-09-25 613.269 BRE- 113839 2022-06-09 2017-09-25 Books